000 00313nam a22001457a 4500
005 20251119122107.0
082 _a005.133C JIS
100 _aJisu Elsa Jacob
_91019
245 _aProgramming in C
250 _a1
260 _aOwl Books
_bTrivandrum
_c2025
546 _aEnglish
650 _aCSE
_914
942 _cBK
999 _c38021
_d38021